| 000 | 00826nam a22002537a 4500 | ||
|---|---|---|---|
| 001 | BR8801447 | ||
| 003 | BR-BrBNA | ||
| 005 | 20230928092851.0 | ||
| 007 | ta | ||
| 008 | 230509b bl.||||| |||| 00| 0 por d | ||
| 040 |
_aBR-BrBNA _bpor _cBiblioteca Nacional de Agricultura |
||
| 041 | _a(Por) | ||
| 072 |
_aH20 _b/G514 |
||
| 090 | _ H20 BR8801447 | ||
| 110 | 1 |
_aFundacao de Estudos Agrarios Luiz de Queiroz, Piracicaba, SP (Brasil). Grupo Paulista de Fitopatologia _94859 |
|
| 111 | 1 |
_a10. Congresso Paulista de Fitopatologia _cPiracicaba, SP (Brazil) _d9-12 Feb 1987 |
|
| 245 | 1 | _aPrograma geral do 10. Congresso Paulista de Fitopatologia | |
| 260 | 3 |
_aPiracicaba, SP (Brasil): _c1987. |
|
| 300 | _a21 p. | ||
| 650 | _aDOENCA DE PLANTA | ||
| 650 | _aSAO PAULO | ||
| 909 |
_a202309 _bLucia _c55 _dLucia Elande |
||
| 942 | _cBK | ||
| 999 |
_c41668 _d41668 |
||